00458nam a22001457a 4500008004100000020001500041041000800056080000800064100000700072101000800079245008400087942001200171999001700183952011200200180910b xxu||||| |||| 00| 0 eng d a0201055244 aeng a330 a59 aBUS aTheory Z How American Business Can Meet The Japnese Challnege cOuchi.w 2udccBK c47624d47624 00102udc40708PËKGa002b002cPËKGd2018-09-10l0o330 OUCp002-3012651r2018-09-10w2018-09-10yBK